000
00304nam a22001337a 4500
008
180122b xxu||||| |||| 00| 0 eng d
020
_a
2900130803992
041
_a
eng
080
_a
62
100
_a
27
101
_a
IM
245
_a
Companion in direct current technology
_c
Jairam,A
942
_2
udc
_c
BK
999
_c
40637
_d
40637